000 00459nab a2200145Ia 4500
003 ES-SlBCS
005 20210601145235.0
008 140529s1964 xxu||||| |||| 00| 0 spa d
041 _aspa
100 1 _aCarande, Ramón
_d, 1887-1986
_9224099
245 0 0 _aMaravall ante las Comunidades
_c Ramón Carande
600 1 4 _aMaravall, José Antonio
_d, 1911-1986
_990637
773 0 _tRevista de Occidente
_gvol. 6, nº. 16, 1964, págs. 110-115
_wRev399
942 _cAR
999 _c721622
_d721622